00379nam a2200121Ia 4500003000900000005001700009008004100026040001600067080002400083100001800107245011400125260001800239IN-BaIIA20250703115936.0211028s9999 xx 000 0 eng d cIIA Library a083.550.38bIAGA-16 aKaiser, T. R. 0aTransactions of the Toronto meeting Sept. 1957cT. R. Kaiser  aHollandc1960